Sports Quiz

Random Sports Quiz

Are you a true OKC Thunder Fan Quiz Stats

 Plays Quiz not verified by Sporcle

Support Sporcle.
Go Orange.
Score 0/10 Timer 01:00
0 Plays Today
Question Answer Wrong Answers
Easy: What number does Steven Adams wear? 12
75.8%
14
2.4%
8
1.4%
11
4.3%
Easy: Who are the 'stache bros'? Enes Kanter and Steven Adams
72%
Kevin Durant and Russell Westbrook
5.7%
James Harden and Enes Kanter
2.1%
Steven Adams and James Harden
3.7%
Easy: What number did Shawn Kemp wear? 40
62%
39
4%
45
12.4%
27
4.8%
Hard: What overall was Russell Westbrook drafted? 4th
56.1%
1st
3.7%
5th
6.2%
3rd
17.8%
Medium: What year was Russell Westbrook drafted and by which team? 2008 by the SeattleSupersonics
54.6%
2008 by the OKC Thunder
9.2%
2009 by the SeattleSupersonics
11.4%
2009 by the OKC Thunder
7.4%
Medium: How many points did Russell Westbrook average in the 2016-2017 season? 31.6
53%
33.5
4.4%
30.6
15.5%
29.8
10.9%
Hard: What year did the Seattle SuperSonics win the NBA championship? 1978-1979
48.2%
1975-1976
13%
1983-1984
11.6%
1981-1982
9.4%
Medium: What was the OKC Thunder's 2016-2017 record? 47-35
47.8%
46-36
20.9%
49-33
14.3%
82-0
0.9%
Impossible: Who is the GOAT? Michael Jordan
44.6%
Russell Westbrook
36.7%
The snake
1.2%
Kobe
0.9%
Very Hard: Who was the head coach of the Thunder when they became the Thunder? P.J Carlesimo
32.9%
Sam Presti
8.6%
Scott Brooks
34.8%
Clay Bennett
6.5%

You're not logged in!

Compare scores with friends on all Sporcle quizzes.
OR
Log In

From the Vault

Puns at Work

by themightymoosh

It's sad when a pun doesn't work.
Remove Ads.
Support Sporcle.
Get the best of Sporcle when you Go Orange. This ad-free experience offers more features, more stats, and more fun while also helping to support Sporcle. Thank you for becoming a member.

Show Comments

Extras

Created Feb 8, 2018ReportNominate
Tags:fan, Thunder

Top Quizzes Today


Score Distribution

Your Account Isn't Verified!

In order to create a playlist on Sporcle, you need to verify the email address you used during registration. Go to your Sporcle Settings to finish the process.

Report this User

Report this user for behavior that violates our Community Guidelines.

Details: